Making authentic craftsman furniture : (Record no. 12891)

000 -LEADER
fixed length control field 00798cam a2200217 a 4500
003 - CONTROL NUMBER IDENTIFIER
control field OSt
005 - DATE AND TIME OF LATEST TRANSACTION
control field 20240807130335.0
008 - FIXED-LENGTH DATA ELEMENTS--GENERAL INFORMATION
fixed length control field 850611s1986 nyua 001 0 eng
040 ## - CATALOGING SOURCE
Original cataloging agency DLC
Transcribing agency DLC
Modifying agency DLC
082 00 - DEWEY DECIMAL CLASSIFICATION NUMBER
Classification number 684.1/04
Edition number 19
245 00 - TITLE STATEMENT
Title Making authentic craftsman furniture :
Remainder of title instructions and plans for 62 projects.
260 ## - PUBLICATION, DISTRIBUTION, ETC. (IMPRINT)
Place of publication, distribution, etc New York :
Name of publisher, distributor, etc Dover Publications,
Date of publication, distribution, etc c1986.
300 ## - PHYSICAL DESCRIPTION
Extent 121 p. :
Other physical details ill. ;
Dimensions 28 cm.
500 ## - GENERAL NOTE
General note Includes index.
500 ## - GENERAL NOTE
General note Articles from the Craftsman, edited by Gustav Stickley and published between 1901 and 1916.
650 #0 - SUBJECT ADDED ENTRY--TOPICAL TERM
Topical term or geographic name as entry element Furniture making.
700 1# - ADDED ENTRY--PERSONAL NAME
Personal name Stickley, Gustav,
Dates associated with a name 1858-1942.
730 0# - ADDED ENTRY--UNIFORM TITLE
Uniform title Craftsman (Eastwood, Syracuse, N.Y.)
856 42 - ELECTRONIC LOCATION AND ACCESS
Materials specified Publisher description
Uniform Resource Identifier <a href="http://www.loc.gov/catdir/description/dover031/85013075.html">http://www.loc.gov/catdir/description/dover031/85013075.html</a>
942 ## - ADDED ENTRY ELEMENTS (KOHA)
Source of classification or shelving scheme
Holdings
Withdrawn status Lost status Source of classification or shelving scheme Damaged status Koha normalized classification for sorting Not for loan Permanent location Current location Date acquired Source of acquisition Cost, normal purchase price Full call number Barcode Date last seen Cost, replacement price Price effective from Koha item type
        684_100000000000000_04   BMS College of Architecture, Design and Planning BMS College of Architecture, Design and Planning 2024-08-07 1 773.46 684.1/04 AR-UG4129 2024-08-07 1031.28 2024-08-07 B.Design
Copyright © 2025, The Librarian, Library and Information Centre, BMSCA D&P, Bengaluru. All Rights Reserved
web counter

Powered by Koha